Liekom je prevencia vývoj invalidizácie v Slovenskej republike za rok 2001

Mierne klesajúci trend počtu uznaných invalidít. Najčastejšie príčiny invalidizácie v produktívnom veku: nádorové choroby, duševné choroby, choroby obehovej sústavy a srdca. Vývoj invalidizácie v SR v rokoch 1987-2001.

Gespeichert in:
Bibliographische Detailangaben
1. Verfasser: Zlatošová, Jolana
Format: Buchkapitel
Sprache:Slowakisch
Schlagworte:
Tags: Tag hinzufügen
Keine Tags, Fügen Sie das erste Tag hinzu!

MARC

LEADER 00000naa a2200000 4500
001 r044944
005 20230925072813.0
041 0 |a slo 
044 |a SK 
245 1 0 |a Liekom je prevencia  |b vývoj invalidizácie v Slovenskej republike za rok 2001  |c Jolana Zlatošová 
520 |a Mierne klesajúci trend počtu uznaných invalidít. Najčastejšie príčiny invalidizácie v produktívnom veku: nádorové choroby, duševné choroby, choroby obehovej sústavy a srdca. Vývoj invalidizácie v SR v rokoch 1987-2001. 
610 2 0 |a invalidita 
610 2 0 |a invalidi 
610 2 0 |a Slovensko 
610 2 0 |a 2001 
610 2 0 |a 1987-2001 
100 1 |a Zlatošová, Jolana